Plant genotyping II: SNP technology (Record no. 396029)
[ view plain ]
| 000 -LEADER | |
|---|---|
| fixed length control field | 00508 a2200193 4500 |
| 005 - DATE & TIME | |
| control field | 20260216154714.0 |
| 008 - FIXED-LENGTH DATA ELEMENTS--GENERAL INFORMATION | |
| fixed length control field | 260212b |||||||| |||| 00| 0 eng d |
| 020 ## - ISBN | |
| International Standard Book Number | 9781845933821 |
| Price | £106.85 |
| 040 ## - CATALOGING SOURCE | |
| Original cataloging agency | VIVEKANANDA LIBRARY |
| 082 ## - DDC NUMBER | |
| Classification number | 581.35 |
| Book Number | H386P |
| 100 ## - MAIN ENTRY--PERSONAL NAME | |
| Personal name | Henry, Robert J |
| 245 ## - TITLE STATEMENT | |
| Title | Plant genotyping II: SNP technology |
| 260 ## - PUBLICATION, DISTRIBUTION, ETC. (IMPRINT) | |
| Name of publisher, distributor, etc | CABI Publishing |
| Date of publication, distribution, etc | 2008 |
| Place of publication, distribution, etc | Oxfordshire |
| 300 ## - PHYSICAL DESCRIPTION | |
| Pages | viii, 285 |
| 650 ## - Subject | |
| Subject | Botany |
| 650 ## - Subject | |
| Subject | Plant Genome Mapping |
| 650 ## - Subject | |
| Subject | Genetic Polymorphisms |
| 942 ## - ADDED ENTRY ELEMENTS (KOHA) | |
| Koha item type | Books |
| Withdrawn status | Lost status | Source of classification or shelving scheme | Damaged status | Not for loan | Location (home branch) | Sublocation or collection (holding branch) | Shelving location | Date acquired | Koha issues (times borrowed) | Koha full call number | Accession No. | Koha date last seen | Koha item type |
|---|---|---|---|---|---|---|---|---|---|---|---|---|---|
| Dewey Decimal Classification | VIVEKANANDA LIBRARY | VIVEKANANDA LIBRARY | Vivekananda Library | 22/01/2026 | 581.35 H386P | 444375 | 22/01/2026 | Books |
